Famille Zoldyck ( Hunter X Hunter ) - Statistiques

Statistiques générales
  • Ce quiz a été pris 164 fois
  • Le résultat moyen est 7 sur 10
Statistiques - réponses
Par images Réponse % Correct
Kirua
100%
Irumi
93%
Zeno
87%
Silva
85%
Aruka
77%
Karuto
73%
Miruki
67%
Maha
50%
Zigg
45%
Kikyo
41%
Aucun quiz correspondant
Distribution des résultats
% des personnes avec chaque résultat
Percentile par nombre de réponses
Votre historique - résultats
Vous n’avez pas pris ce quiz